000 00373 a2200145 4500
001 157227
020 _a9788580861846
040 _cEscola São Tomás de Aquino
100 _aANDRADE, Carlos Drummond de
240 1 0 _aContos de aprendiz
_lpor
245 1 0 _aContos de aprendiz
440 1 _aCompanhia das Letras
697 _aCRÔNICA, CONTO, NOVELA,CARTAS
942 _cBK
999 _c157227
_d157227